|
|
|
|
| LEADER |
00000nab a2200000 a 4500 |
| 001 |
vtls009153371 |
| 003 |
SK-MaSNL |
| 005 |
20260305034603.0 |
| 008 |
071025 20071025xo dr er 000 0 slo |
| 038 |
|
|
|a KEVKJB
|
| 040 |
|
|
|a KEVKJB
|b slo
|c KEVKJB
|e AACR2
|
| 041 |
0 |
|
|a slo
|
| 044 |
|
|
|a xo
|c SK
|
| 080 |
|
|
|a 069.02
|2 2001
|
| 245 |
0 |
0 |
|a Zatraktívnia Miklušovu väznicu
|c [autor] (sam)
|
| 300 |
|
|
|b Obr.
|
| 610 |
2 |
7 |
|a Miklušova väznica (Košice, Slovensko)
|2 kevkjb
|9 176125
|
| 650 |
0 |
7 |
|a väznice
|2 kevkjb
|9 2643
|
| 651 |
|
7 |
|a Košice (Slovensko)
|2 kevkjb
|9 18694
|
| 773 |
0 |
|
|t Košický Korzár
|g Roč. X, č. 246 (25.10.2007), s. 2
|x 1335-4566
|
| 852 |
|
|
|a KEVKJB
|b KIS3GCP
|
| 856 |
4 |
1 |
|u www.korzar.sk
|
| 999 |
|
|
|c 3329996
|d 3331926
|